Fundamentals of geotechnical engineering

Fundamentals of Geotechnical Engineering combines the essential components of Braja Das' market leading texts, Principles of Geotechnical Engineering and Principles of Foundation Engineering. The text includes the fundamental concepts of soil mechanics as well as foundation engineering without...

Cijeli opis

Spremljeno u:
Bibliografski detalji
Glavni autor: Das, Braja M.
Format: Knjiga
Jezik:Undetermined
Izdano: Australia Thomson 2005
Teme:
Oznake: Dodaj oznaku
Bez oznaka, Budi prvi tko označuje ovaj zapis!
Thư viện lưu trữ: Trung tâm Học liệu Trường Đại học Cần Thơ
LEADER 01165nam a2200205Ia 4500
001 CTU_123434
008 210402s9999 xx 000 0 und d
020 |c 1931000 
082 |a 624.15 
082 |b D229 
100 |a Das, Braja M. 
245 0 |a Fundamentals of geotechnical engineering 
245 0 |c Braja M. Das. 
260 |a Australia 
260 |b Thomson 
260 |c 2005 
520 |a Fundamentals of Geotechnical Engineering combines the essential components of Braja Das' market leading texts, Principles of Geotechnical Engineering and Principles of Foundation Engineering. The text includes the fundamental concepts of soil mechanics as well as foundation engineering without becoming cluttered with excessive details and alternatives. Foundations. features a wealth of worked out examples, as well as figures to help students with theory and problem solving skills. Das maintains the careful balance of current research and practical field applications that has made his books the leaders in the field. 
650 |a Foundations,Engineering geology.,Soil mechanics 
904 |i Minh 
980 |a Trung tâm Học liệu Trường Đại học Cần Thơ